|
|
|
|
| LEADER |
00000nam0a2200000 4500 |
| 001 |
95579 |
| 005 |
20231031110211.0 |
| 035 |
|
|
|a (RuTPU)RU\TPU\book\102341
|
| 090 |
|
|
|a 95579
|
| 100 |
|
|
|a 20060429d1972 m y0rusy50 ca
|
| 101 |
1 |
|
|a rus
|c eng
|
| 102 |
|
|
|a RU
|
| 105 |
|
|
|a a z 001zy
|
| 200 |
1 |
|
|a Оптические волокна и волоконные элементы
|e сборник статей и переводов
|f под ред. К. И. Блоха
|
| 210 |
|
|
|a Москва
|c Химия
|d 1972
|
| 215 |
|
|
|a 264 с.
|c ил.
|
| 320 |
|
|
|a Библиогр. в конце статей
|
| 610 |
1 |
|
|a волоконная оптика
|
| 675 |
|
|
|a 535
|v 3
|
| 702 |
|
1 |
|a Блох
|b К. И.
|4 340
|
| 801 |
|
1 |
|a RU
|b 63413507
|c 20060429
|g PSBO
|
| 801 |
|
2 |
|a RU
|b 63413507
|c 20060507
|g PSBO
|
| 942 |
|
|
|c BK
|